WCW Champions by Year - 1997 - Statistics

General Stats
  • This quiz has been taken 205 times
  • The average score is 28 of 36
Answer Stats
Title Date Event Wrestler % Correct
World Heavyweight August 9 Road Wild Hollywood Hogan
99%
World Tag Team February 24 Nitro Kevin Nash
98%
World Tag Team February 24 Nitro Scott Hall
98%
World Tag Team January 27 Nitro Kevin Nash
96%
World Tag Team January 27 Nitro Scott Hall
96%
United States March 16 Uncensored Dean Malenko
95%
Cruiserweight January 21 Clash of the Champions XXXIV Dean Malenko
95%
Cruiserweight October 26 Halloween Havoc Rey Mysterio Jr.
95%
World Heavyweight December 28 Starrcade Sting
95%
Cruiserweight September 14 Fall Brawl Eddie Guerrero
93%
Cruiserweight November 10 Nitro Eddie Guerrero
93%
World Heavyweight August 4 Nitro Lex Luger
92%
World Tag Team February 23 SuperBrawl VII Lex Luger
92%
World Tag Team January 25 Souled Out Rick Steiner
89%
World Tag Team October 13 Nitro Rick Steiner
89%
World Tag Team January 25 Souled Out Scott Steiner
89%
World Tag Team October 13 Nitro Scott Steiner
89%
Cruiserweight June 28 Saturday Nitro Chris Jericho
86%
Cruiserweight August 16 Saturday Night Chris Jericho
86%
United States December 28 Starrcade Diamond Dallas Page
85%
Television December 29 Nitro Booker T
82%
World Tag Team February 23 SuperBrawl VII The Giant
82%
Cruiserweight December 29 Nitro Ultimo Dragon
64%
Television April 7 Nitro Ultimo Dragon
64%
Television July 22 Nitro Ultimo Dragon
64%
Television May 18 Slamboree Lord Steven Regal
61%
Cruiserweight February 23 SuperBrawl VII Syxx
60%
United States August 21 Clash of the Champions XXXV Steve McMichael
59%
Cruiserweight July 28 Nitro Alex Wright
57%
Television August 21 Clash of the Champions XXXV Alex Wright
57%
United States September 15 Nitro Curt Hennig
57%
Television November 3 Nitro Perry Saturn
57%
Television September 22 Nitro Disco Inferno
56%
Television December 8 Nitro Disco Inferno
56%
United States June 9 Nitro Jeff Jarrett
52%
Television February 17 Nitro Prince Iaukea
35%
No matching quizzes found
Score Distribution
Percent of People with Each Score
Percentile by Number Answered
Your Score History
You have not taken this quiz